| 000 | 01223cam a22002054a 4500 | ||
|---|---|---|---|
| 005 | 20250605163930.0 | ||
| 008 | 250528s ||||||||||||||||||||||||d | ||
| 035 | _a14646 | ||
| 020 | _a9600105774 | ||
| 040 |
_aGR-AtMCL _bgre _dGR-AtMCL _eAACR2 |
||
| 245 | 1 | _aΓλώσσα και Ομιλία | |
| 260 |
_bGutenberg, _c1995 |
||
| 300 | _a240 | ||
| 520 | _aΠεριγραφή των σχετιζόμενων με την παραγωγή και κατανόηση του λόγου νευροφυσιολογικών μηχανισμών. Εισαγωγικό Σημείωμα, Πρόλογος, Ένα Φαινόμενο Μοναδικά Ανθρώπινο, Η Επικοινωνία στο Βασίλειο των Ζώων, Η Εξέλιξη του Ανθρώπινου Λόγου, Η Θεωρία Πηγής - Φίλτρου, Η Ομιλία, Η Αντίληψη της Ομιλίας, Η Δομή της Γλώσσας, Το Συντακτικό, Το Λεξικό, Η Απόκτηση της Γλώσσας, Συνομιλία, Γλώσσα και Σκέψη, Γλωσσάρι. | ||
| 700 | 1 |
_aMiller George A _9379 |
|
| 700 | 1 | _aΒοσνιάδου Στέλλα | |
| 942 | _cBK | ||
| 999 |
_c270 _d270 |
||